[Event "2023 Standard Chess Dropout Tournament, Round 1"]
[Site "SchemingMind.com"]
[Date "2023.01.05"]
[Round "1"]
[White "Rommel85"]
[Black "James Reed"]
[Result "1-0"]
[WhiteCountry "CUB"]
[BlackCountry "ENG"]
[WhiteElo "2457"]
[WhiteRD "95"]
[BlackElo "1390"]
[BlackRD "99"]
[GameID "729967"]

1. e4 c5 2. Nf3 Nc6 3. Nc3 e6 4. d4 h6 5. d5 Nd4 6. Nxd4 cxd4 7. Qxd4 Nf6 8. d6 b6 9. Nb5 Ba6 10. Nc7+ Qxc7
11. dxc7 Bc5 12. Qxc5 Nxe4 13. Qe5 O-O 14. Bxa6 Ng5 15. Qd6 Ne4 16. Qxf8+ Kxf8 17. c8=Q+ Rxc8 18. Bxc8 Ke7 19. Ke2 Nd6 20. Ba6 f6
21. a4 g6 22. Bxh6
1-0

[Event "2023 Standard Chess Dropout Tournament, Round 1"]
[Site "SchemingMind.com"]
[Date "2023.01.02"]
[Round "1"]
[White "roscoe"]
[Black "Mike Winslow"]
[Result "0-1"]
[WhiteCountry "USA"]
[BlackCountry "USA"]
[WhiteElo "1148"]
[WhiteRD "88"]
[BlackElo "1939"]
[BlackRD "95"]
[GameID "729968"]

1. d4 f5 2. Nf3 Nf6 3. g3 e6 4. a3 d5 5. Bg5 Be7 6. Bg2 O-O 7. O-O Nbd7 8. Nc3 c5 9. e3 b6 10. dxc5 bxc5
11. Re1 Rb8 12. b3 Bd6 13. Nb5 Rxb5 14. a4 Rb6 15. Bf1 Ba6 16. c4 Qb8 17. cxd5 exd5 18. Bxa6 Rxa6 19. Bf4 Qb7 20. Bxd6 Rxd6
21. Rc1 Rb8 22. Rb1 Rb6 23. Nd2 Ne4 24. Nxe4 fxe4 25. h4 Rxb3
0-1

[Event "2023 Standard Chess Dropout Tournament, Round 1"]
[Site "SchemingMind.com"]
[Date "2023.01.03"]
[Round "1"]
[White "Ronald R. Nurmi"]
[Black "Erik Johnson"]
[Result "0-1"]
[WhiteCountry "USA"]
[BlackCountry "USA"]
[WhiteElo "1753"]
[WhiteRD "93"]
[BlackElo "1692"]
[BlackRD "79"]
[GameID "729969"]

1. d4 Nf6 2. Bg5 Ne4 3. Bf4 c5 4. d5 Qb6 5. Bc1 e6 6. f3 Nf6 7. e4 Be7 8. c4 O-O 9. Nc3 exd5 10. exd5 d6
11. Bd3 Nbd7 12. Nge2 Ne5 13. b3 Nxd3+ 14. Qxd3 Bd7 15. Be3 Qc7 16. O-O a6 17. Ng3 Rfb8 18. Rfe1 Bd8 19. Rad1 b5 20. Nce4 bxc4
21. Qxc4 Rb4 22. a3 Rxc4 23. bxc4 Nxe4
0-1

[Event "2023 Standard Chess Dropout Tournament, Round 1"]
[Site "SchemingMind.com"]
[Date "2023.01.02"]
[Round "1"]
[White "Schaakmaatje"]
[Black "malcolm chugg"]
[Result "1-0"]
[WhiteCountry "NED"]
[BlackCountry "WLS"]
[WhiteElo "2054"]
[WhiteRD "138"]
[BlackElo "1194"]
[BlackRD "51"]
[GameID "729970"]

1. e4 c5 2. Nf3 e6 3. d4 Nc6 4. Bb5 Qc7 5. Nc3 Be7 6. O-O a6 7. Bxc6 Qxc6 8. d5 exd5 9. Nxd5 f6 10. Re1 Bd8
11. e5 Ba5 12. c3 b5 13. exf6+ Ne7 14. fxe7 Bb7 15. Nf4 h5 16. Qd3 h4 17. Qg6+ Qxg6 18. Nxg6 Rg8 19. Nfxh4 b4 20. Nf5 Kf7
21. Ne5+ Ke8 22. Nc4 Bc7 23. Ncd6+ Bxd6 24. Nxd6#
1-0

[Event "2023 Standard Chess Dropout Tournament, Round 1"]
[Site "SchemingMind.com"]
[Date "2023.01.02"]
[Round "1"]
[White "Stephen Dunning"]
[Black "Glenn O'Brien"]
[Result "1/2-1/2"]
[WhiteCountry "WLS"]
[BlackCountry "AUS"]
[WhiteElo "1889"]
[WhiteRD "71"]
[BlackElo "2051"]
[BlackRD "92"]
[GameID "729971"]

1. d4 Nf6 2. c4 e6 3. Nf3 b6 4. g3 Ba6 5. Qc2 c5 6. d5 exd5 7. cxd5 Bb7 8. Bg2 Nxd5 9. O-O Be7 10. Ne5 Qc7
11. Qe4 Bc6 12. Nxc6 dxc6 13. Nc3 Nxc3 14. bxc3 O-O 15. Rd1 Bf6 16. Bf4 Qe7 17. Qxe7 Bxe7 18. Bxb8 Raxb8 19. Bxc6 Rfd8 20. c4 Rd4
21. Bd5 b5 22. Rxd4 cxd4 23. Rd1 bxc4 24. Rxd4 c3 25. Rc4 Rb1+ 26. Kg2 Rb5 27. Rc8+ Bf8 28. Bb3 Rc5 29. Rxc5 Bxc5 30. e3 Kf8
31. Kf3 Bd6 32. Ke4 Ke7 33. Kd4 Bb4 34. f4 Ba5 35. g4 Kd6 36. e4 Ke7 37. h4 g6 38. h5 gxh5 39. gxh5 Kf6 40. Bc2 Kg7
41. e5 Kh6 42. Ke3 Kxh5 43. Bxh7 Kg4 44. Bc2 Bd8 45. f5 Bb6+ 46. Ke4 Kg5 47. e6 fxe6 48. fxe6=
1/2-1/2

[Event "2023 Standard Chess Dropout Tournament, Round 1"]
[Site "SchemingMind.com"]
[Date "2023.01.02"]
[Round "1"]
[White "slotheman"]
[Black "Billy Campbell"]
[Result "1-0"]
[WhiteCountry "USA"]
[BlackCountry "NIR"]
[WhiteElo "1547"]
[WhiteRD "133"]
[BlackElo "1503"]
[BlackRD "109"]
[GameID "729972"]

1. Nf3 c6 2. g3 Nf6 3. Bg2 g6 4. O-O Bg7 5. d4 d5 6. a4 O-O 7. b4 Ne4 8. c3 Bf5 9. Qb3 Nd7 10. Be3 Re8
11. Nbd2 Nb6 12. a5 Nd7 13. a6 b5 14. Nxe4 Bxe4 15. Nd2 Bxg2 16. Kxg2 e5 17. Nf3 e4 18. Nd2 h5 19. Rfc1 Nb6 20. Qc2 h4
21. Nf1 f5 22. Bd2 Bf8 23. Re1 Bd6 24. e3 Kg7 25. Bc1 Rh8 26. Qe2 Rh5 27. g4 h3+ 28. Kh1 Qg5 29. Nd2 Rah8 30. Rg1 fxg4
31. Rxg4 Qf5 32. Ba3 Be7 33. Rf1 Na4 34. Nb1 Qf3+ 35. Qxf3 exf3 36. e4 Re8 37. e5 Rg5 38. Rf4 Rf8 39. Rxf8 Kxf8 40. Bc1 Rg2
41. Be3 Nb6 42. Nd2 Na4 43. Nxf3 Nxc3 44. Ng1 Bxb4 45. Nxh3
1-0

[Event "2023 Standard Chess Dropout Tournament, Round 1"]
[Site "SchemingMind.com"]
[Date "2023.01.04"]
[Round "1"]
[White "splinter"]
[Black "Raymond de Kemp"]
[Result "1/2-1/2"]
[WhiteCountry "CAN"]
[BlackCountry "NED"]
[WhiteElo "1898"]
[WhiteRD "80"]
[BlackElo "1815"]
[BlackRD "74"]
[GameID "729973"]

1. c4 Nf6 2. Nc3 e5 3. g3 Bb4 4. Qb3 Nc6 5. Bg2 Nd4 6. Qd1 c6 7. a3 Be7 8. e3 Ne6 9. d4 exd4 10. exd4 d5
11. cxd5 cxd5 12. Nf3 O-O 13. O-O b6 14. b4 Bb7 15. Be3 Ne4 16. Ne2 Ba6 17. Re1 N6g5 18. Nxg5 Bxe2 19. Qxe2 Nxg5 20. Qg4 f5
21. Qh5 g6 22. Qh6 Nf7 23. Qf4 Qd7 24. h4 Rfd8 25. Qf3 a5 26. Bd2 axb4 27. axb4 Rxa1 28. Rxa1 Qc6 29. Rc1 Qa4 30. Qc3 Qd7
31. Bf4 g5 32. hxg5 Bxg5 33. Qc7 Qxc7 34. Rxc7 Bxf4 35. gxf4 Rd6 36. Kf1 Kg7 37. Ke2 Kg6 38. b5 h5 39. Rc6 Kg7 40. Rxd6 Nxd6
41. Bxd5 Nxb5 42. Kd3 Nc7 43. Bc6 b5 44. d5 h4 45. d6 Ne6 46. Ke3 b4 47. Bd5 Kf6 48. d7 Nd8 49. Bb3 Ke7 50. Bc2 Ne6
51. Bxf5 Nc5 52. d8=Q+ Kxd8 53. Kd4 Nd7 54. Kc4 Nf6 55. Kxb4 Nd5+ 56. Kc4 Nxf4 57. Kd4=
1/2-1/2

[Event "2023 Standard Chess Dropout Tournament, Round 1"]
[Site "SchemingMind.com"]
[Date "2023.01.02"]
[Round "1"]
[White "spoke"]
[Black "Abstract Actuary"]
[Result "0-1"]
[WhiteCountry "GER"]
[BlackCountry "USA"]
[WhiteElo "1762"]
[WhiteRD "67"]
[BlackElo "1866"]
[BlackRD "96"]
[GameID "729974"]

1. e4 e6 2. d4 d5 3. Nd2 Nf6 4. e5 Nfd7 5. Bd3 c5 6. c3 Nc6 7. Ne2 a6 8. O-O c4 9. Bc2 b5 10. f4 Qb6
11. Kh1 Bb7 12. Ng3 Be7 13. f5 O-O-O 14. Nf3 Rdg8 15. fxe6 fxe6 16. Bg5 h6 17. Bxe7 Nxe7 18. a4 b4 19. a5 Qd8 20. cxb4 Bc6
21. Ba4 Nb8 22. Qd2 Nf5 23. Nh5 Qe8 24. Bxc6 Qxh5 25. g4 Ng3+ 26. Kg1 Qxg4 27. hxg3 Qxg3+
0-1

[Event "2023 Standard Chess Dropout Tournament, Round 1"]
[Site "SchemingMind.com"]
[Date "2023.01.06"]
[Round "1"]
[White "surfnsuds"]
[Black "Michael Christensen"]
[Result "0-1"]
[WhiteCountry "USA"]
[BlackCountry "GER"]
[WhiteElo "1254"]
[WhiteRD "84"]
[BlackElo "1883"]
[BlackRD "76"]
[GameID "729975"]

1. d4 g6 2. e4 Bg7 3. Nc3 d6 4. Nf3 a6 5. Bc4 b5 6. Bd5 c6 7. Bb3 a5 8. a3 Bb7 9. Bf4 Na6 10. Qe2 b4
11. axb4 axb4 12. Na2 Nc7 13. Nxb4 Rxa1+
0-1

[Event "2023 Standard Chess Dropout Tournament, Round 1"]
[Site "SchemingMind.com"]
[Date "2023.01.05"]
[Round "1"]
[White "The Chess Machine"]
[Black "Udo Sprang"]
[Result "1-0"]
[WhiteCountry "ENG"]
[BlackCountry "NED"]
[WhiteElo "2496"]
[WhiteRD "78"]
[BlackElo "1975"]
[BlackRD "121"]
[GameID "729976"]

1. e4 e5 2. Nf3 Nc6 3. d4 exd4 4. Nxd4 Bc5 5. Nxc6 Qf6 6. Qf3 Qxc6 7. Nc3 Nf6 8. e5 Qxf3 9. gxf3 Nh5 10. Nd5 Kd8
11. Rg1 Re8 12. Rg5 Nf6 13. Ne3 h6 14. Rxg7 Rxe5 15. Rxf7 Nd5 16. f4 Re8 17. Be2 Nxe3 18. Bxe3 Bxe3 19. fxe3 Rxe3 20. Kf2 Re7
21. Rf8+ Re8 22. Rxe8+ Kxe8 23. Rg1 b6 24. Bf3 c6 25. Rg6 Bb7 26. Rxh6 Ke7 27. Rh7+ Kd6 28. h4 Rf8 29. Kg3 Rg8+ 30. Bg4 Bc8
31. h5
1-0

[Event "2023 Standard Chess Dropout Tournament, Round 1"]
[Site "SchemingMind.com"]
[Date "2023.01.01"]
[Round "1"]
[White "TigerFeet"]
[Black "Megabulles"]
[Result "1/2-1/2"]
[WhiteCountry "ENG"]
[BlackCountry "GER"]
[WhiteElo "1773"]
[WhiteRD "215"]
[BlackElo "2243"]
[BlackRD "100"]
[GameID "729977"]

1. b3 Nf6 2. Bb2 c5 3. e3 e6 4. c4 b6 5. Nf3 Bb7 6. Be2 Be7 7. O-O O-O 8. d4 d6 9. Nc3 Nbd7 10. d5 exd5
11. cxd5 a6 12. a4 Rb8 13. e4 Ne8 14. Nd2 Bf6 15. Qc2 Nc7 16. Nc4 Qe7 17. Rfe1 Bd4 18. Bf1 Qf6 19. Re2 b5 20. Ne3 Ne5
21. Nf5 b4 22. Nd1 Bxb2 23. Nxb2 a5 24. Ree1 Ra8 25. h3 g6 26. Nh6+ Kg7 27. Ng4 Nxg4 28. hxg4 h5 29. gxh5 Rh8 30. Nc4 Rxh5
31. Qb2 Qxb2=
1/2-1/2

[Event "2023 Standard Chess Dropout Tournament, Round 1"]
[Site "SchemingMind.com"]
[Date "2023.01.06"]
[Round "1"]
[White "Transcendent"]
[Black "Sebastian Strauchler"]
[Result "0-1"]
[WhiteCountry "ENG"]
[BlackCountry "ARG"]
[WhiteElo "2106"]
[WhiteRD "80"]
[BlackElo "2240"]
[BlackRD "143"]
[GameID "729978"]

1. d4 Nf6 2. c4 e5 3. dxe5 Ng4 4. Bf4 g5 5. Bg3 Bg7 6. h4 Nxe5 7. hxg5 Qxg5 8. e3 d6 9. Nc3 Na6 10. Nh3 Qh6
11. Be2 Bf5 12. Rh2 Nd7 13. Nf4 Bxc3+
0-1

[Event "2023 Standard Chess Dropout Tournament, Round 1"]
[Site "SchemingMind.com"]
[Date "2023.01.02"]
[Round "1"]
[White "trazadora"]
[Black "Juan Jose Rivas Maceda"]
[Result "1/2-1/2"]
[WhiteCountry "CUB"]
[BlackCountry "PER"]
[WhiteElo "2543"]
[WhiteRD "93"]
[BlackElo "2573"]
[BlackRD "72"]
[GameID "729979"]

1. e4 c5 2. c3 Nf6 3. e5 Nd5 4. d4 cxd4 5. Nf3 Nc6 6. cxd4 d6 7. Bc4 Nb6 8. Bb5 dxe5 9. Nxe5 Bd7 10. Nxd7 Qxd7
11. Nc3 e6 12. O-O Rd8 13. Qg4 h5 14. Qe4 a6 15. Bxc6 Qxc6 16. Qxc6+ bxc6 17. Be3 Kd7 18. Rfc1 Ra8 19. Ne4 Be7 20. Nc5+ Bxc5
21. Rxc5 Nd5 22. Bd2 Rhb8 23. b3 Rb5 24. Rac1 a5 25. Rxc6 a4 26. R6c5 Rb7 27. b4 Nxb4 28. Bxb4 Rxb4 29. Rxh5 Rc8 30. Rd1 Rc2
31. d5 g6 32. dxe6+=
1/2-1/2

[Event "2023 Standard Chess Dropout Tournament, Round 1"]
[Site "SchemingMind.com"]
[Date "2023.01.05"]
[Round "1"]
[White "Udo Sprang"]
[Black "Schaakmaatje"]
[Result "1/2-1/2"]
[WhiteCountry "NED"]
[BlackCountry "NED"]
[WhiteElo "1987"]
[WhiteRD "120"]
[BlackElo "2088"]
[BlackRD "130"]
[GameID "729980"]

1. e4 e6 2. d4 d5 3. e5 c5 4. c3 Nc6 5. Nf3 Bd7 6. Be2 Rc8 7. a3 Nge7 8. O-O Nf5 9. b4 cxd4 10. cxd4 a6
11. Bb2 Be7 12. Nc3 O-O 13. Bd3 Nh4 14. Nxh4 Bxh4 15. b5 Na5 16. bxa6 bxa6 17. Bxa6 Rb8 18. Rb1 Rb6 19. Bd3 Nc4 20. Bxc4 dxc4
21. Qe2 Qc7 22. d5 Rfb8 23. Qe4 Bd8 24. Ba1 Rxb1 25. Rxb1 Rxb1+ 26. Nxb1 exd5 27. Qxd5 Be6 28. Qd6 Qxd6 29. exd6 f6 30. Bc3 Kf8
31. a4 Ke8 32. Na3 Kd7 33. Nb5 Bd5 34. Bb4 Bc6 35. Kf1 g6 36. g3 f5=
1/2-1/2

[Event "2023 Standard Chess Dropout Tournament, Round 1"]
[Site "SchemingMind.com"]
[Date "2023.01.04"]
[Round "1"]
[White "Wojciech  Langer"]
[Black "Johnny Owens"]
[Result "0-1"]
[WhiteCountry "INT"]
[BlackCountry "USA"]
[WhiteElo "1599"]
[WhiteRD "89"]
[BlackElo "2370"]
[BlackRD "89"]
[GameID "729981"]

1. d4 e6 2. e4 d5 3. Be3 dxe4 4. Nc3 Nf6 5. Bg5 Bb4 6. Qd2 h6 7. Be3 Nc6 8. h3 Nd5 9. Bb5 Bd7 10. Nge2 Na5
11. a3 Bxb5 12. axb4 Nc4 13. Qc1 Ncxe3 14. fxe3 Bxe2 15. Nxd5 Qxd5 16. Kxe2 Qc4+ 17. Kf2 Qxb4 18. c3 Qb5 19. Rf1 O-O 20. Qc2 f5
21. g3 c5 22. Qd2 a5 23. dxc5 Rfd8 24. Qc2 Rd3 25. Rad1 Rad8 26. Rxd3 Rxd3
0-1

[Event "2023 Standard Chess Dropout Tournament, Round 1"]
[Site "SchemingMind.com"]
[Date "2023.01.06"]
[Round "1"]
[White "Wojtek26"]
[Black "Andrew Burruss"]
[Result "0-1"]
[WhiteCountry "POL"]
[BlackCountry "USA"]
[WhiteElo "1452"]
[WhiteRD "76"]
[BlackElo "1388"]
[BlackRD "117"]
[GameID "729982"]

1. d4 d5 2. e3 c6 3. Nf3 Nf6 4. c4 e6 5. Be2 Bb4+ 6. Bd2 Be7 7. O-O O-O 8. a3 a5 9. cxd5 exd5 10. Bc3 Ne4
11. Nbd2 Nxc3 12. bxc3 Nd7 13. Qc2 Nf6 14. a4 Be6 15. Bd3 g6 16. Ne5 Kg7 17. h3 Qc8 18. Ndf3 Ng8 19. Rab1 Nh6 20. Rb2 Bxh3
21. gxh3 Qxh3 22. Nh2 c5 23. Rxb7 Bf6 24. Nd7 Be7 25. Ne5 Bd6 26. f4 Qxe3+ 27. Rf2 Qg3+ 28. Kf1 Qh3+ 29. Ke1 Qe6 30. Rg2 Rab8
31. Rxb8 Rxb8 32. Nf3 Ng4 33. Rxg4 Re8 34. Rg2 Kf8 35. Re2 Qh3 36. Ng5 Qh1+ 37. Kd2 Qh4 38. Nd7+ Kg7 39. Rxe8 Qxf4+ 40. Kd1 Qxg5
41. Ne5 Qg1+ 42. Kd2 cxd4 43. Qd1 Qe3+ 44. Kc2 dxc3 45. Qe2 Qd4 46. Nf3 Qxa4+ 47. Kxc3 Qb4+ 48. Kc2 a4 49. Kd1 a3 50. Qa2 Qa4+
51. Bc2 Qxe8 52. Bb3 Qb8 53. Bxd5 Qb2 54. Qxb2+ axb2 55. Be4 f5 56. Bb1 h5 57. Ke2 Kf6 58. Nd4 Kg5 59. Kf2 Bc5 60. Ke3 Kg4
61. Kd3 Kg3 62. Ne2+ Kf3
0-1

[Event "2023 Standard Chess Dropout Tournament, Round 2"]
[Site "SchemingMind.com"]
[Date "2023.06.28"]
[Round "2"]
[White "*chessnut*"]
[Black "Chessibelle"]
[Result "1-0"]
[WhiteCountry "FRA"]
[BlackCountry "ENG"]
[WhiteElo "1267"]
[WhiteRD "84"]
[BlackElo "1142"]
[BlackRD "58"]
[GameID "735223"]

1. d4 d5 2. e3 g6 3. Nf3 f6 4. c4 Be6 5. c5 Nc6 6. Nc3 f5 7. Ng5 Bd7 8. g3 Nf6 9. h3 Bg7 10. e4 dxe4
11. Bc4 e6 12. d5 Qe7 13. Be3 O-O 14. d6 Qd8 15. Bxe6+ Kh8 16. Nf7+ Rxf7 17. Bxf7 Ne5 18. Bb3 cxd6 19. cxd6 b6 20. f4 Nc6
21. Rb1 Nh5 22. Kf2 Nf6 23. a3 Qc8 24. Qe2 Bf8 25. Rbd1 Ne8 26. Nb5 Qd8 27. Qc4 Kg7 28. Qf7+ Kh8 29. Qg8#
1-0

[Event "2023 Standard Chess Dropout Tournament, Round 2"]
[Site "SchemingMind.com"]
[Date "2023.06.29"]
[Round "2"]
[White "Abstract Actuary"]
[Black "slotheman"]
[Result "1-0"]
[WhiteCountry "USA"]
[BlackCountry "USA"]
[WhiteElo "1872"]
[WhiteRD "99"]
[BlackElo "1541"]
[BlackRD "112"]
[GameID "735224"]

1. e4 d6 2. d4 Nf6 3. Nc3 g6 4. f4 Bg4 5. Nf3 d5 6. e5 Ne4 7. Qd3 Nxc3 8. Qxc3 Nc6 9. Bb5 Kd7 10. h3 Bf5
11. g4 Be4 12. O-O e6 13. Ng5 Qe8 14. Re1 Bb4 15. Qxb4 Bxc2 16. Re2
1-0

[Event "2023 Standard Chess Dropout Tournament, Round 2"]
[Site "SchemingMind.com"]
[Date "2023.06.29"]
[Round "2"]
[White "Andrew Burruss"]
[Black "malcolm chugg"]
[Result "1-0"]
[WhiteCountry "USA"]
[BlackCountry "WLS"]
[WhiteElo "1467"]
[WhiteRD "93"]
[BlackElo "1181"]
[BlackRD "49"]
[GameID "735225"]

1. e4 e5 2. Nf3 d6 3. d4 Nd7 4. Bc4 Be7 5. dxe5 dxe5 6. Nxe5 Nxe5 7. Qh5 Nxc4 8. Qb5+ c6 9. Qxc4 Be6 10. Qc3 Bf6
11. e5 Be7 12. Qg3 Bf8 13. Bf4 Bc5 14. O-O Bb4 15. Qxg7 Qd4 16. c3 Qxf4 17. cxb4 O-O-O 18. Qxh8 h6 19. Nc3 Ne7 20. Qf6 Qg5
21. Qf3 Nf5 22. Rfd1 Nh4 23. Rxd8+ Kxd8 24. Rd1+ Ke7 25. Qe4 Bf5 26. Nd5+ cxd5 27. Qxd5 b6 28. Qd8+ Ke6 29. Qd6#
1-0

[Event "2023 Standard Chess Dropout Tournament, Round 2"]
[Site "SchemingMind.com"]
[Date "2023.06.29"]
[Round "2"]
[White "Greg Magne"]
[Black "Andrew Burruss"]
[Result "1-0"]
[WhiteCountry "CAN"]
[BlackCountry "USA"]
[WhiteElo "1816"]
[WhiteRD "70"]
[BlackElo "1456"]
[BlackRD "100"]
[GameID "735226"]

1. e4 e5 2. Nf3 Nc6 3. Bb5 a6 4. Ba4 Nf6 5. O-O Be7 6. Re1 b5 7. Bb3 O-O 8. c3 d6 9. h3 Nb8 10. d4 Nbd7
11. Nbd2 Bb7 12. a4 c5 13. axb5 axb5 14. Rxa8 Qxa8 15. d5 c4 16. Bc2 Re8 17. b3 Ba6 18. bxc4 bxc4 19. Ba4 Qa7 20. Bc6 Rb8
21. Qa4 Nb6 22. Qa2 h6 23. Bb5 Ra8 24. Nxc4 Nxc4 25. Qxc4 Bxb5 26. Qxb5 Rb8 27. Qd3 Nh5 28. Be3 Qa2 29. c4 Rb3 30. Qd2 Rb2
31. Qc3 Rc2 32. Ra1 Rxc3 33. Rxa2 Rxc4 34. Ra8+ Kh7 35. Nd2 Rc1+ 36. Kh2 g6 37. Ra7 Bg5 38. Bxg5 hxg5 39. Rxf7+ Kh6 40. Nf3 Rc4
41. Rd7 Rxe4 42. Rxd6 Re2 43. Re6 Nf4 44. Rxe5 Rxe5 45. Nxe5 Nxd5 46. Nf7+ Kg7 47. Nxg5 Kf6 48. h4 Kf5 49. Kg3 Nf4 50. Kf3 Nxg2
51. Kxg2 Kg4 52. Nf3 Kf4 53. Nh2 g5 54. hxg5 Kxg5 55. Kg3 Kf5 56. f4 Kg6 57. Kg4
1-0

[Event "2023 Standard Chess Dropout Tournament, Round 2"]
[Site "SchemingMind.com"]
[Date "2023.06.29"]
[Round "2"]
[White "Andreas Flato"]
[Black "Andrea Carra"]
[Result "1-0"]
[WhiteCountry "GER"]
[BlackCountry "ITA"]
[WhiteElo "1927"]
[WhiteRD "119"]
[BlackElo "1911"]
[BlackRD "100"]
[GameID "735227"]

1. e4 e6 2. Nf3 d5 3. exd5 exd5 4. d4 Nf6 5. Bd3 Bd6 6. h3 O-O 7. O-O Be6 8. Bg5 Nbd7 9. Nc3 c6 10. Re1 Qc7
11. Qd2 Rfe8 12. Re2 h6 13. Bxh6 gxh6 14. Qxh6 Bf4 15. Ng5 Bxg5 16. Qxg5+ Kf8 17. f4 Ke7 18. f5 Rg8 19. Qh6 Nf8 20. fxe6 fxe6
21. Rf1 N8d7 22. Bh7 Rh8 23. Qg7+ Kd6 24. Qg3+ e5 25. Rxf6+
1-0

[Event "2023 Standard Chess Dropout Tournament, Round 2"]
[Site "SchemingMind.com"]
[Date "2023.07.03"]
[Round "2"]
[White "agoodhobby"]
[Black "Billy Campbell"]
[Result "0-1"]
[WhiteCountry "USA"]
[BlackCountry "NIR"]
[WhiteElo "1549"]
[WhiteRD "71"]
[BlackElo "1538"]
[BlackRD "117"]
[GameID "735228"]

1. e4 e6 2. d4 d5 3. Nc3 Nf6 4. Bb5+ Bd7 5. Bxd7+ Nbxd7 6. Bg5 Be7 7. e5 Ne4 8. Bxe7 Qxe7 9. Qg4 g6 10. Nxe4 dxe4
11. Qxe4 Qb4+ 12. c3 Qxb2 13. Rb1 Qxc3+ 14. Ke2 Qc4+ 15. Qd3 Qxa2+ 16. Kf1 O-O 17. Qb3 Qa6+ 18. Ke1 Rab8 19. Nf3 c6 20. Ng5 h6
21. Ne4 b6 22. Nd6 Qa5+ 23. Kd1 Qd5 24. Qd3 c5 25. Rb5 Nxe5 26. Qd2 Rbd8 27. Ke2 Rxd6 28. Rd1 Qc4+ 29. Ke1 Qxb5 30. Qxh6 cxd4
31. h4 Ng4 32. Qf4 Qb4+ 33. Kf1 Ne5 34. Qxe5 Rd5 35. Qe2 d3 36. Qf3 Qxh4 37. Rxd3 Qh1+ 38. Ke2 Rxd3 39. Qxd3 Qxg2 40. Qc4 e5
41. Ke3 Rd8 42. f3 Qd2+
0-1

[Event "2023 Standard Chess Dropout Tournament, Round 2"]
[Site "SchemingMind.com"]
[Date "2023.06.29"]
[Round "2"]
[White "Andoni Zabala"]
[Black "Holty"]
[Result "1-0"]
[WhiteCountry "INT"]
[BlackCountry "ENG"]
[WhiteElo "1791"]
[WhiteRD "95"]
[BlackElo "1803"]
[BlackRD "68"]
[GameID "735229"]

1. e4 e6 2. d3 d5 3. Nd2 c5 4. Ngf3 Nc6 5. g3 Bd6 6. Bg2 Nge7 7. O-O O-O 8. Re1 Qc7 9. c3 Bd7 10. a3 Ne5
11. Nf1 Rac8 12. Rb1 Bb5 13. Nxe5 Bxe5 14. exd5 exd5 15. d4 cxd4 16. cxd4 Bd6 17. Ne3 Bc6 18. b4 b5 19. Qb3 Qb7 20. Bb2 Rfe8
21. Rbc1 a6 22. Rc3 Bc7 23. Rec1 Bb6 24. Rxc6 Nxc6 25. Bxd5 Nxd4 26. Rxc8 Qxc8 27. Bxf7+ Kf8 28. Bxd4 Bxd4 29. Bxe8 Qxe8 30. Qd3 Bb2
31. Qd6+ Kg8 32. Qxa6 Bc1 33. Qa7 Qd8 34. a4 bxa4 35. Qxa4 Bxe3 36. fxe3 Qd3 37. Qe8#
1-0

[Event "2023 Standard Chess Dropout Tournament, Round 2"]
[Site "SchemingMind.com"]
[Date "2023.07.03"]
[Round "2"]
[White "Archon"]
[Black "Mike Winslow"]
[Result "0-1"]
[WhiteCountry "CAN"]
[BlackCountry "USA"]
[WhiteElo "1761"]
[WhiteRD "88"]
[BlackElo "1980"]
[BlackRD "99"]
[GameID "735230"]

1. c4 Nf6 2. Nc3 b6 3. e4 Bb7 4. d3 e5 5. Nf3 Nc6 6. Bg5 Be7 7. Be2 O-O 8. Bxf6 Bxf6 9. O-O Nd4 10. Nd5 c6
11. Ne3 d5 12. Nxd4 exd4 13. Nf5 dxe4 14. dxe4 c5 15. Bd3 Re8 16. Re1 g6 17. Ng3 Qc7 18. Nh5 Qe5 19. Nxf6+ Qxf6 20. Qd2 g5
21. e5 Rxe5 22. Rxe5 Qxe5 23. Re1 Qg7 24. Re7 Bc6 25. Qe2 Kf8 26. Be4 Bxe4 27. Rxe4 Qf6 28. g3 Rd8 29. Qd3 Rd6 30. Re2 Kg7
31. Re8 Re6 32. Rxe6 Qxe6 33. Kf1 f5 34. b3 Qe4 35. Qd2 Kg6 36. Kg1 h5 37. f4 h4 38. gxh4 gxf4 39. Qg2+ Qxg2+ 40. Kxg2 Kh5
41. Kf3 Kxh4
0-1

[Event "2023 Standard Chess Dropout Tournament, Round 2"]
[Site "SchemingMind.com"]
[Date "2023.07.03"]
[Round "2"]
[White "Billy Campbell"]
[Black "pnwmusichound"]
[Result "0-1"]
[WhiteCountry "NIR"]
[BlackCountry "USA"]
[WhiteElo "1538"]
[WhiteRD "117"]
[BlackElo "1846"]
[BlackRD "97"]
[GameID "735231"]

1. d4 Nf6 2. Bf4 g6 3. Nf3 Bg7 4. e3 d5 5. Be2 O-O 6. c4 c5 7. Nc3 cxd4 8. exd4 Nc6 9. O-O dxc4 10. Bxc4 a6
11. Qa4 Bd7 12. Qc2 Rc8 13. a3 e6 14. b4 Nxd4 15. Qd3 Nxf3+ 16. Qxf3 Rxc4 17. Be5 Bc6 18. Qe3 Ng4 19. Qe2 Nxe5 20. f4 Rxc3
21. fxe5 Qg5 22. Rf2 Bxe5 23. h3 Rxh3
0-1

[Event "2023 Standard Chess Dropout Tournament, Round 2"]
[Site "SchemingMind.com"]
[Date "2023.07.03"]
[Round "2"]
[White "Mike Winslow"]
[Black "cnile"]
[Result "1-0"]
[WhiteCountry "USA"]
[BlackCountry "SCO"]
[WhiteElo "1980"]
[WhiteRD "99"]
[BlackElo "1380"]
[BlackRD "60"]
[GameID "735232"]

1. d4 Nf6 2. c4 e6 3. g3 d5 4. Bg2 c5 5. Nf3 Nc6 6. O-O cxd4 7. Nxd4 Bd7 8. Bg5 Be7 9. Nc3 a6 10. e3 O-O
11. Qc2 Rc8 12. Bxf6 Bxf6 13. cxd5 Nxd4 14. exd4 exd5 15. Bxd5 b5 16. Bb7 Rb8 17. Be4 h6 18. Rfd1 Bh3 19. Nd5 Qd6 20. Nxf6+ Qxf6
21. Rac1 Rfe8 22. d5 Rbc8 23. Qd3 Qxb2 24. Rxc8 Rxc8 25. d6 Qxa2 26. Bf5 Bxf5 27. Qxf5 Qb3 28. Qxc8+ Kh7 29. Qf5+ Kg8 30. Re1 g6
31. Re8+ Kh7 32. Qe5 g5 33. Qf6 Qd1+ 34. Kg2 Qd5+ 35. Kh3 g4+ 36. Kh4 Qg5+ 37. Qxg5
1-0

[Event "2023 Standard Chess Dropout Tournament, Round 2"]
[Site "SchemingMind.com"]
[Date "2023.07.03"]
[Round "2"]
[White "Carlos Vila Hernández"]
[Black "Jari Laine"]
[Result "1/2-1/2"]
[WhiteCountry "CUB"]
[BlackCountry "FIN"]
[WhiteElo "2554"]
[WhiteRD "92"]
[BlackElo "2535"]
[BlackRD "84"]
[GameID "735234"]

1. e4 c5 2. Nf3 Nc6 3. d4 cxd4 4. Nxd4 e5 5. Nb5 d6 6. N1c3 a6 7. Na3 Be7 8. Nc4 b5 9. Ne3 Nf6 10. g3 h5
11. Bg2 h4 12. O-O Rb8 13. Ncd5 Nxd5 14. Nxd5 Be6 15. Be3 h3 16. Bf3 Qd7 17. b3 O-O 18. Be2 Rfc8 19. a4 Bd8 20. axb5 axb5
21. Qd2 Ne7 22. Ra7 Rb7 23. Rfa1 Nxd5 24. exd5 Bf5 25. c3 Rxa7 26. Rxa7 Qe8 27. Qb2 Be7 28. b4 Be4 29. Qd2 Bf5 30. Qb2 Be4
31. Qd2 Bf5 32. Bf1=
1/2-1/2

[Event "2023 Standard Chess Dropout Tournament, Round 2"]
[Site "SchemingMind.com"]
[Date "2023.07.01"]
[Round "2"]
[White "Chessibelle"]
[Black "echecs"]
[Result "0-1"]
[WhiteCountry "ENG"]
[BlackCountry "ENG"]
[WhiteElo "1126"]
[WhiteRD "58"]
[BlackElo "1765"]
[BlackRD "104"]
[GameID "735235"]

1. Nf3 d6 2. d4 Nf6 3. h3 e6 4. b3 Be7 5. e3 O-O 6. Be2 d5 7. O-O c6 8. Bb2 Nbd7 9. c4 b6 10. Qd3 Bb7
11. Bd1 c5 12. Nbd2 dxc4 13. Nxc4 cxd4 14. Nxd4 Nc5 15. Qe2 Be4 16. f3 Bb7 17. Qf2 Nd5 18. Bc2 Nb4 19. Bb1 Bf6 20. e4 Nbd3
21. Qe2 Nxb2 22. Bc2 Qxd4+ 23. Ne3 Ba6 24. Qf2 Bxf1 25. Qxf1 Qxe3+ 26. Kh2 Nbd3 27. g4 Bxa1 28. Qxa1 Qf2+ 29. Kh1 Qxc2 30. a4 Nf2+
31. Kh2 Nfxe4+ 32. Kg1 Qf2+ 33. Kh1 Ng3#
0-1